Statistics for Countries with the Most Military Troops

Click here to take the quiz!

General Stats

  • This quiz has been taken 119,483 times
    (20,268 since last reset)
  • The average score is 16 of 20

Answer Stats

Troops Country % Correct
1,359,450United States
100%
2,035,000China
99%
900,000Russia
98%
1,444,500India
96%
1,280,000North Korea
95%
334,500Brazil
91%
625,000South Korea
89%
523,000Iran
89%
247,150Japan
88%
277,150Mexico
88%
653,800Pakistan
85%
438,500Egypt
80%
395,500Indonesia
78%
355,200Turkey
77%
227,000Saudi Arabia
76%
482,000Vietnam
72%
360,850Thailand
68%
293,200Colombia
57%
406,000Myanmar
48%
255,000Sri Lanka
20%

Score Distribution

Percentile by Number Answered

Percent of People with Each Score

Your Score History

You have not taken this quiz since the last reset